01879nam a2200289Ia 4500001000600000003000900006008004100015040001300056040001300069041001300082100001500095100002900110240007500139240003500214245006900249245006800318250001100386260001100397260001500408260004900423300005600472500091600528650002501444650003101469700003501500700005401535H2834IT-RoPAU130308s9999 xx 000 0 und d aIT-RoPAU cIT-RoPAU aITALIANO aWind Yoram gCodice Aut. SPICS: 40331 aCONVERGENCE MARKETING: STRATEGIES FOR REACHING THE NEW HYBRID CONSUMER gCodice Tit. Orig. Spics: T3341 aConsumatore centauro ovvero il marketing della convergenza (Il) bConsumatore centauro Ovvero Il Marketing della convergenza (Il) a1a ed. aMILANO bEtas Libri c2002 [1° Ed.:2002 - Ed.Ling.Originale:2002] a"352 p. (prefazione: 28; testo: 324 [pagine: 0-0])" a"Prefazione di John Hagel. Introduzione: Correre con Il Centauro: centauro Ibrido; benefici della Convergenza; cambiare Assetto Mentale; Cosa significa Convergere; Lezioni delle Dot Com. parte Prima: comprendere Il Centauro: Il centauro si Risveglia: sfide del consumatore Ibrido Emergente; Realtà del Centauro: Miti del consumatore Tradizionale, Miti del Ciberconsumatore, Muoversi Verso Il Centauro. parte Seconda: navigare le ""5C"" della Convergenza: Convergere Sulla Customerizzazione; Convergere Sulle Comunita'; Convergere Sui Canali; Convergere Sul Valore Competitivo; Convergere Sulla Scelta.Parte Terza: governare Il Marketing della Convergenza: Trasformare Il Marketing; strategie di Marketing della Convergenza. parte Quarta: Trasformare L'Organizzazione: Progettare l'organizzazione Convergente; Cambiamento: itinerari Verso la Convergenza. Conclusione: la saggezza di Chirone. indice Analitico." aTEORIA DEL MARKETING eCodice materia Spics: 6455 aMahajan VijayGunther Robert E. gCodice Aut. SPICS: 57135Codice Aut. SPICS: 57136